Hóa học bảo vệ thực vật

Trình bày những kiến thức cơ bản về cơ sở độc chất học trong công tác bảo vệ thực vật bao gồm vai trò, ứng dụng và nguyên lý tổng hợp chúng, cũng như những đóng góp to lớn của các chế phẩm bảo vệ thực vật phục vụ nông, lâm nghiệp,...

Ausführliche Beschreibung

Gespeichert in:
Bibliographische Detailangaben
1. Verfasser: Hoàng, Xuân Tiến
Format: Buch
Sprache:Undetermined
Veröffentlicht: Hà Nội Khoa học và Kỹ thuật 2013
Schlagworte:
Tags: Tag hinzufügen
Keine Tags, Fügen Sie den ersten Tag hinzu!
Thư viện lưu trữ: Trung tâm Học liệu Trường Đại học Cần Thơ
LEADER 01115nam a2200193Ia 4500
001 CTU_238632
008 210402s9999 xx 000 0 und d
082 |a 632.95 
082 |b T305 
100 |a Hoàng, Xuân Tiến 
245 0 |a Hóa học bảo vệ thực vật 
245 0 |c Hoàng Xuân Tiến 
260 |a Hà Nội 
260 |b Khoa học và Kỹ thuật 
260 |c 2013 
520 |a Trình bày những kiến thức cơ bản về cơ sở độc chất học trong công tác bảo vệ thực vật bao gồm vai trò, ứng dụng và nguyên lý tổng hợp chúng, cũng như những đóng góp to lớn của các chế phẩm bảo vệ thực vật phục vụ nông, lâm nghiệp, chống lại sự phá hoại của dịch hại, góp phần tạo ra những sản phẩm nông nghiệp có năng suất và chất lượng 
650 |a Hóa học nông nghiệp,Agricultural chemicals 
910 |b nthai 
980 |a Trung tâm Học liệu Trường Đại học Cần Thơ